Union et monnaie européenne - Statistiques

Statistiques générales
  • Ce quiz a été pris 52 fois
  • Le résultat moyen est 31 sur 45
Statistiques - réponses
Question Tuile Select % Correct
tout les pays utilisant l'Euro Grèce Oui
92%
Les pays de l'union Européenne Autriche Oui
90%
Les pays de l'union Européenne Azerbaidjan Non
90%
Les pays de l'union Européenne Irlande Oui
90%
Les capitales de l'UE Istanbul Non
90%
tout les pays utilisant l'Euro Suisse Non
90%
la liste de pays dont aucun ne fait parti de l'Espace Schengen Luxembourg / Malte / Portugal / Liechtenstein / Croatie Non
88%
Les groupes de pays dont au moins 1 pays est membre de la zone Euro ET de l'espace Schengen Afrique du Sud / Mozambique / Eswatini Non
85%
Les pays de l'union Européenne Hongrie Oui
85%
la liste de pays dont aucun ne fait parti de l'Espace Schengen Hongrie / Ethiopie / Malte / Kosovo / Danemark Non
85%
la liste de pays dont aucun ne fait parti de l'Espace Schengen Malte / France / Chypre / Turquie / Belgique Non
85%
tout les pays utilisant l'Euro Lettonie Oui
83%
Les pays de l'union Européenne Slovaquie Oui
83%
Les capitales de l'UE Bucarest Oui
81%
Les groupes de pays dont au moins 1 pays est membre de la zone Euro ET de l'espace Schengen Luxembourg / Portugal / Italie Oui
81%
Les capitales de l'UE Tbilissi Non
81%
Les capitales de l'UE Chisinau Non
79%
la liste de pays dont aucun ne fait parti de l'Espace Schengen Roumanie / Bulgarie / Bosnie / Chypre / Monténégro Non
79%
Les capitales de l'UE Kiev Non
77%
Les pays de l'union Européenne Macedoine du Nord Non
77%
Les capitales de l'UE Tallinn Oui
73%
Les pays de l'union Européenne Albanie Non
71%
la liste de pays dont aucun ne fait parti de l'Espace Schengen Norvège / Islande / Arménie / Ecosse / Tunisie Non
69%
tout les pays utilisant l'Euro Roumanie Non
69%
tout les pays utilisant l'Euro Chypre Oui
67%
Les pays de l'union Européenne Norvege Non
67%
Les pays de l'union Européenne Liechtenstein Non
65%
tout les pays utilisant l'Euro Suède Non
65%
Les groupes de pays dont au moins 1 pays est membre de la zone Euro ET de l'espace Schengen Kosovo / Suisse / Andorre Non
63%
tout les pays utilisant l'Euro Danemark Non
60%
Les groupes de pays dont au moins 1 pays est membre de la zone Euro ET de l'espace Schengen Danemark / Islande / Albanie Non
60%
la liste de pays dont aucun ne fait parti de l'Espace Schengen Kirghizistan / Turquie / Macédoine du Nord / Georgie / Liechtenstein Non
60%
Les capitales de l'UE Nicosie Oui
60%
Les groupes de pays dont au moins 1 pays est membre de la zone Euro ET de l'espace Schengen Norvege / Finlande / Slovenie Oui
60%
Les capitales de l'UE Skopje Non
60%
tout les pays utilisant l'Euro Pologne Non
58%
Les groupes de pays dont au moins 1 pays est membre de la zone Euro ET de l'espace Schengen Russie / Pologne / Roumanie Non
56%
Les groupes de pays dont au moins 1 pays est membre de la zone Euro ET de l'espace Schengen Macédoine du Nord / Pologne / République Tchèque Non
46%
Les capitales de l'UE Belgrade Non
44%
la liste de pays dont aucun ne fait parti de l'Espace Schengen Russie / Biélorussie / Moldavie / Serbie / Irlande Oui
42%
tout les pays utilisant l'Euro Kosovo Oui
35%
Les groupes de pays dont au moins 1 pays est membre de la zone Euro ET de l'espace Schengen Montenegro / Republique Tcheque / Chypre Non
35%
Les groupes de pays dont au moins 1 pays est membre de la zone Euro ET de l'espace Schengen Royaume-Uni / Malte / Danemark Oui
35%
la liste de pays dont aucun ne fait parti de l'Espace Schengen Andorre / Monaco / St Marin / Vatican / Albanie Oui
25%
la liste de pays dont aucun ne fait parti de l'Espace Schengen Maroc / Algerie / Suisse / Sierra Leone / Chypre Oui
25%
Aucun quiz correspondant
Distribution des résultats
% des personnes avec chaque résultat
Percentile par nombre de réponses
Votre historique - résultats
Vous n’avez pas pris ce quiz